[Event "17th European Team Championship (Women)"]
[Site "Novi Sad SRB"]
[Date "2009.10.29"]
[EventDate "2009.10.22"]
[Round "8"]
[Result "1/2-1/2"]
[White "Natalia Zhukova"]
[Black "Lilit Mkrtchian"]
[WhiteElo "2457"]
[BlackElo "2469"]
[PlyCount "153"]

1. d4 Nf6 2. c4 e6 3. Nf3 b6 4. g3 Ba6 5. b3 b5 6. cxb5 Bxb5
7. Nc3 Bb4 8. Bd2 Bc6 9. Bg2 O-O 10. O-O a5 11. Ne5 Bxg2
12. Kxg2 d6 13. Nf3 Bxc3 14. Bxc3 Nbd7 15. Qc2 c6 16. Bb2 Rc8
17. Qd3 Qb6 18. e4 Rfd8 19. Nd2 a4 20. Qf3 axb3 21. axb3 d5
22. e5 Ne4 23. Nxe4 dxe4 24. Qe3 f5 25. exf6 Nxf6 26. Ra3 Rd5
27. f3 Re5 28. Ra6 Qxa6 29. dxe5 Nd5 30. Qxe4 Qa2 31. Rf2 Qxb3
32. Bc1 Ra8 33. Qg4 Ne7 34. Bg5 Ng6 35. Qe4 Qd5 36. Qxd5 cxd5
37. f4 h6 38. Bh4 Kf7 39. Kh3 Ra3 40. Kg4 Ra4 41. Kh5 Ra7
42. Bd8 Rd7 43. Ba5 Rb7 44. Rc2 Ne7 45. Bd2 Nf5 46. Kg4 Kg6
47. Ra2 Rb3 48. Kh3 h5 49. Kg2 Nd4 50. Be1 Kf5 51. Bf2 Nb5
52. Ra4 Rb2 53. Kf3 Nc3 54. Ra7 Ne4 55. Be3 g5 56. fxg5 Nxg5+
57. Bxg5 Kxg5 58. Rf7 Rxh2 59. Rf6 Ra2 60. Rxe6 Ra3+ 61. Kf2
Kf5 62. Rh6 Kxe5 63. Rxh5+ Ke4 64. g4 d4 65. Rh8 Ra2+ 66. Kg3
d3 67. Re8+ Kd4 68. Rd8+ Kc3 69. Rc8+ Kd2 70. Kf4 Ke2 71. Re8+
Kf2 72. Rd8 d2 73. g5 Ra4+ 74. Kf5 Ke3 75. Rxd2 Kxd2 76. g6
Ke3 77. g7 1/2-1/2

[Event "Master Open"]
[Site "Voronezh"]
[Date "2011.06.20"]
[EventDate "?"]
[Round "8.16"]
[Result "1/2-1/2"]
[White "Lilit Galojan"]
[Black "Suri Vaibhav"]
[WhiteElo "2377"]
[BlackElo "2430"]
[PlyCount "89"]

1.c4 e6 2.Nc3 Nf6 3.Nf3 d5 4.d4 Be7 5.cxd5 exd5 6.Bg5 c6 7.Qc2
g6 8.e3 Bf5 9.Bd3 Bxd3 10.Qxd3 Nbd7 11.O-O O-O 12.Rab1 a5
13.Qc2 Re8 14.a3 Bd6 15.Rfe1 Qb8 16.e4 dxe4 17.Nxe4 Nxe4
18.Rxe4 Rxe4 19.Qxe4 Qe8 20.Qg4 Nb6 21.Re1 Qd7 22.Qxd7 Nxd7
23.Be7 Bc7 24.a4 Nb6 25.b3 Nd5 26.Bg5 f6 27.Bd2 Kf7 28.Kf1 Rd8
29.Ke2 g5 30.h3 h5 31.Kd3 Bb6 32.Kc4 Nc7 33.Be3 g4 34.hxg4
hxg4 35.Ng1 Nd5 36.Ne2 Kg6 37.Rh1 Re8 38.Kd3 Bc7 39.g3 f5
40.Bd2 Kg7 41.Rh5 Kg6 42.Rh6+ Kg7 43.Rh5 Rf8 44.Rg5+ Kf6
45.Rh5 1/2-1/2

[Event "European Team Championship (Women)"]
[Site "Porto Carras GRE"]
[Date "2011.11.07"]
[EventDate "2011.11.03"]
[Round "5"]
[Result "1-0"]
[White "Lilit Mkrtchian"]
[Black "Jana Krivec"]
[WhiteElo "2469"]
[BlackElo "2291"]
[PlyCount "52"]

1. c4 e5 2. Nc3 Nf6 3. Nf3 Nc6 4. g3 d5 5. cxd5 Nxd5 6. Bg2
Nb6 7. O-O Be7 8. a3 O-O 9. b4 a6 10. d3 Be6 11. Ne4 Bd5
12. Nc5 Nd4 13. Nxd4 Bxg2 14. Nde6 fxe6 15. Kxg2 Bxc5 16. bxc5
Qd5+ 17. e4 Qxc5 18. Qb3 Qd6 19. a4 Rfd8 20. a5 Nd7 21. Ba3 c5
22. Rfc1 Rac8 23. Rab1 Rc7 24. Rc4 Rc6 25. Qc3 Qc7 26. Ra4 Rb8
1-0

[Event "FIDE Women's World Team Championship"]
[Site "Mardin TUR"]
[Date "2011.12.25"]
[EventDate "2011.12.18"]
[Round "7"]
[Result "0-1"]
[White "Lilit Galojan"]
[Black "Inna Gaponenko"]
[WhiteElo "2383"]
[BlackElo "2435"]
[PlyCount "100"]

1. d4 d5 2. c4 e6 3. Nc3 c5 4. cxd5 exd5 5. Nf3 Nc6 6. g3 c4
7. Bg2 Bb4 8. O-O Nge7 9. Ne1 O-O 10. Nc2 Ba5 11. Ne3 Be6
12. f3 Rb8 13. Nc2 b5 14. a3 Bc7 15. e4 Na5 16. Be3 Nb3
17. Rb1 Qd7 18. Na1 Na5 19. Qd2 Rfd8 20. Rfd1 dxe4 21. fxe4
Bg4 22. Rf1 Bb6 23. d5 Ng6 24. Bxb6 Rxb6 25. Nd1 Bxd1
26. Rbxd1 Ra6 27. Qc3 f6 28. Nc2 Nb3 29. Nd4 Nxd4 30. Qxd4 Ne5
31. Rf5 Qc7 32. Bh3 Qb6 33. Bf1 Qxd4+ 34. Rxd4 Rad6 35. Rd1
Re8 36. Rf2 Nd7 37. Bg2 Nc5 38. Re2 Re5 39. g4 a5 40. Kf2 g6
41. Ke3 Kf8 42. h4 Ke7 43. Bf3 Rd8 44. g5 fxg5 45. hxg5 Kd6
46. Rh1 Rde8 47. Kf4 Rf8+ 48. Kg4 Nd3 49. Rxh7 Rf4+ 50. Kg3
Rxg5+ 0-1

[Event "FIDE Women's World Team Championship"]
[Site "Mardin TUR"]
[Date "2011.12.25"]
[EventDate "2011.12.18"]
[Round "7"]
[Result "1-0"]
[White "Mariya Muzychuk"]
[Black "Lilit Mkrtchian"]
[WhiteElo "2460"]
[BlackElo "2469"]
[PlyCount "75"]

1. d4 d5 2. c4 e6 3. Nc3 Be7 4. cxd5 exd5 5. Bf4 c6 6. e3 Bd6
7. Bxd6 Qxd6 8. Bd3 Ne7 9. Qc2 Bg4 10. f3 Bh5 11. Nge2 Bg6
12. e4 dxe4 13. fxe4 Nd7 14. O-O-O f6 15. g3 Bf7 16. Kb1 Qc7
17. Nf4 O-O-O 18. Qe2 Kb8 19. Bc4 Bxc4 20. Qxc4 Nf8 21. Rd2 h5
22. Rhd1 g5 23. d5 Nc8 24. Nd3 h4 25. Nc5 hxg3 26. hxg3 Nb6
27. Qd4 Rh6 28. a4 Nc8 29. Qb4 Qb6 30. Qa3 a5 31. Nxb7 Re8
32. dxc6 Qb4 33. Qxb4 axb4 34. Nb5 Ne6 35. N7d6 Nxd6 36. Rxd6
Rh7 37. Rxe6 Rxe6 38. Rd8# 1-0

[Event "FIDE Women's World Team Championship"]
[Site "Mardin TUR"]
[Date "2011.12.26"]
[EventDate "2011.12.18"]
[Round "8"]
[Result "0-1"]
[White "Hoang Thi Bao Tram"]
[Black "Lilit Mkrtchian"]
[WhiteElo "2341"]
[BlackElo "2469"]
[PlyCount "120"]

1. d4 Nf6 2. Nf3 e6 3. Bg5 h6 4. Bxf6 Qxf6 5. e4 d6 6. Nc3 Nd7
7. Be2 a6 8. a4 g6 9. O-O Bg7 10. Re1 O-O 11. Qd2 b6 12. Rad1
Bb7 13. Bc4 Qe7 14. Qe3 c5 15. Rd2 Rfd8 16. Red1 cxd4 17. Nxd4
Rac8 18. Ba2 Nc5 19. f3 Kh7 20. Nde2 Bc6 21. Bb3 Be8 22. Nd4
Qb7 23. Nde2 Qb8 24. Qf4 Be5 25. Qh4 b5 26. axb5 Bg7 27. Qf4
Be5 28. Qh4 axb5 29. Rf1 Na4 30. f4 Bg7 31. f5 Nc5 32. fxg6+
fxg6 33. Qg4 b4 34. Nd1 Qa7 35. Kh1 Qe7 36. Kg1 Qa7 37. Kh1
Qe7 38. Ng3 Bb5 39. Re1 Nxb3 40. cxb3 Rc1 41. Rg1 Ra8 42. Nf2
Rxg1+ 43. Kxg1 Ra1+ 44. Rd1 Bxb2 45. Rxa1 Bxa1 46. Qd1 Qa7
47. Ne2 Be5 48. Qd2 Qa6 49. Ng4 Bg7 50. Kf2 Qb6+ 51. Qe3 Qa6
52. Qd2 Qb6+ 53. Qe3 Qc5 54. Ke1 Qc2 55. e5 dxe5 56. Ng3 Qb1+
57. Kf2 h5 58. Qc5 Qb2+ 59. Ke1 Qa1+ 60. Kf2 Qd4+ 0-1

[Event "FIDE Women's World Team Championship"]
[Site "Mardin TUR"]
[Date "2011.12.27"]
[EventDate "2011.12.18"]
[Round "9"]
[Result "1/2-1/2"]
[White "Valentina Gunina"]
[Black "Lilit Galojan"]
[WhiteElo "2514"]
[BlackElo "2383"]
[PlyCount "24"]

1. d4 Nf6 2. Nf3 e6 3. c4 b6 4. g3 Ba6 5. b3 Bb4+ 6. Bd2 Be7
7. Bg2 c6 8. Bc3 d5 9. Ne5 O-O 10. O-O Nfd7 11. Nxd7 Nxd7
12. Nd2 Rc8 1/2-1/2

[Event "European Individual Women's Championship"]
[Site "Gaziantep TUR"]
[Date "2012.03.02"]
[EventDate "2012.03.02"]
[Round "1"]
[Result "0-1"]
[White "Mihaela Sandu"]
[Black "Lilit Mkrtchian"]
[WhiteElo "2253"]
[BlackElo "2458"]
[PlyCount "88"]

1. e4 c5 2. Nf3 e6 3. d4 cxd4 4. Nxd4 Nc6 5. Nxc6 bxc6 6. Bd3
d5 7. Qe2 Nf6 8. e5 Nd7 9. O-O Nc5 10. Nd2 a5 11. Nf3 Be7
12. Be3 a4 13. Bxc5 Bxc5 14. c3 Be7 15. Nd4 Bd7 16. Rad1 g6
17. f4 Qb6 18. Kh1 c5 19. Nf3 c4 20. Bb1 a3 21. bxa3 Rxa3
22. Rc1 Bc5 23. Ng5 h6 24. Nh3 Kd8 25. f5 gxf5 26. Qh5 Be8
27. Nf4 Qb7 28. Qh4+ Qe7 29. Qe1 Bc6 30. Qd2 Kc8 31. Rf3 Qc7
32. Re1 d4 33. Rh3 dxc3 34. Qe2 Bb4 35. Qc2 Bc5 36. Qe2 Bb4
37. Rd1 Rg8 38. Rxh6 Ra5 39. Qh5 Rxe5 40. Rh8 Rxh8 41. Qxh8+
Kb7 42. Bc2 Ka7 43. h4 Bc5 44. Qd8 Re1+ 0-1

[Event "28th European Club Cup (Women)"]
[Site "Eilat ISR"]
[Date "2012.10.15"]
[EventDate "2012.10.11"]
[Round "5"]
[Result "1/2-1/2"]
[White "Lilit Mkrtchian"]
[Black "Ekaterina Kovalevskaya"]
[WhiteElo "2456"]
[BlackElo "2405"]
[PlyCount "77"]

1. c4 e5 2. g3 Nf6 3. Bg2 c6 4. d3 d5 5. cxd5 cxd5 6. Bg5 Be7
7. Nc3 d4 8. Bxf6 Bxf6 9. Nd5 Nc6 10. Nxf6+ Qxf6 11. Nf3 O-O
12. O-O Be6 13. Nd2 Qd8 14. Qa4 Bd5 15. Rfc1 Rc8 16. Qb5 Bxg2
17. Kxg2 Rc7 18. Rc5 Qe7 19. Rac1 Rfc8 20. a3 Kf8 21. R5c4 Nd8
22. Qd5 f6 23. b4 Qe6 24. Qe4 Rxc4 25. Rxc4 g6 26. b5 Rxc4
27. Nxc4 Qd7 28. f4 exf4 29. Qxf4 Ke7 30. Qh4 Qd5+ 31. Kf2 h5
32. Qf4 Ne6 33. Qh6 Kf7 34. Qh7+ Ng7 35. Qh8 Ne8 36. Qh7+ Ng7
37. Qh8 Ne8 38. Qh7+ Ng7 39. Qh8 1/2-1/2

[Event "28th European Club Cup (Women)"]
[Site "Eilat ISR"]
[Date "2012.10.16"]
[EventDate "2012.10.11"]
[Round "6"]
[Result "1-0"]
[White "Lilit Mkrtchian"]
[Black "Olga Vasiliev"]
[WhiteElo "2456"]
[BlackElo "2240"]
[PlyCount "79"]

1. c4 e5 2. Nc3 Nf6 3. Nf3 Nc6 4. g3 Bb4 5. Bg2 h6 6. O-O O-O
7. d3 d6 8. Na4 a5 9. b3 Qe7 10. Bb2 Bc5 11. Nxc5 dxc5 12. Nd2
Bd7 13. Nb1 Nd8 14. Nc3 c6 15. Na4 Rb8 16. Nb6 Bg4 17. Qd2 Qc7
18. Na4 Nd7 19. f4 exf4 20. Rxf4 Bh5 21. Rh4 b5 22. Rxh5 bxa4
23. Bxg7 Qd6 24. Bc3 f6 25. Qxh6 Kf7 26. Bh3 Ne6 27. Rf1 Ke7
28. bxa4 Nd4 29. Qe3+ Ne5 30. Rh7+ Rf7 31. Rh4 Rd8 32. Rb1 Rb8
33. Rf1 Rd8 34. Bxa5 Ra8 35. Bc3 Rxa4 36. Bxd4 cxd4 37. Rxd4
Qb8 38. Rd7+ Ke8 39. Rxf7 Kxf7 40. d4 1-0

[Event "Tradewise Gibraltar"]
[Site "Catalan Bay GIB"]
[Date "2015.02.05"]
[EventDate "2015.01.27"]
[Round "10.32"]
[Result "1/2-1/2"]
[White "Lilit Mkrtchian"]
[Black "Kevin Spraggett"]
[WhiteElo "2449"]
[BlackElo "2538"]
[PlyCount "60"]

1. c4 e5 2. Nc3 Nc6 3. g3 f5 4. Nf3 Nf6 5. d4 e4 6. Nh4 g6
7. Bg5 Bg7 8. Qd2 O-O 9. Bg2 Ne7 10. d5 d6 11. f3 exf3
12. exf3 c6 13. dxc6 Nxc6 14. O-O Be6 15. b3 Qa5 16. Rad1 a6
17. Kh1 Rad8 18. f4 Rd7 19. Bxf6 Bxf6 20. Nd5 Bxd5 21. Bxd5+
Kg7 22. Qxa5 Nxa5 23. Nf3 Nc6 24. Rfe1 Nb4 25. Re2 Nxd5
26. Rxd5 Rfd8 27. Kg1 Kf7 28. Red2 Ke6 29. Re2+ Kf7 30. Red2
Ke6 1/2-1/2

[Event "IMSA Elite Mind Games (Women's Rapid)"]
[Site "Huai'an CHN"]
[Date "2016.02.26"]
[EventDate "2016.02.26"]
[Round "2.4"]
[Result "1/2-1/2"]
[White "Lilit Mkrtchian"]
[Black "Ju Wenjun"]
[WhiteElo "2434"]
[BlackElo "2558"]
[PlyCount "177"]

1. c4 g6 2. g3 Bg7 3. Bg2 d6 4. Nc3 e5 5. d3 f5 6. e4 Nf6
7. Nge2 O-O 8. O-O Nc6 9. Nd5 h6 10. h3 Be6 11. Be3 Qd7
12. Kh2 Rae8 13. Qd2 Kh7 14. Rac1 a6 15. b4 Nd8 16. Nxf6+ Rxf6
17. d4 exd4 18. Bxd4 Rf7 19. Bxg7 Rxg7 20. exf5 Bxf5 21. Nc3
Be6 22. Nd5 Bxd5 23. Bxd5 Rge7 24. Rfe1 c6 25. Bg2 Nf7 26. f4
Re6 27. Bf3 Qe7 28. Rxe6 Qxe6 29. Kg2 Re7 30. Qc3 h5 31. Rc2
Nh6 32. Re2 Qf7 33. Qe1 Rxe2+ 34. Qxe2 Nf5 35. Be4 d5 36. cxd5
cxd5 37. Bxf5 Qxf5 38. Qe7+ Kh6 39. Qxb7 Qe4+ 40. Kf2 Qc2+
41. Kf1 Qb1+ 42. Kf2 Qxa2+ 43. Kf3 Qb3+ 44. Kf2 Qc2+ 45. Kf1
Qc1+ 46. Kf2 Qd2+ 47. Kf1 h4 48. gxh4 Qxf4+ 49. Kg2 Qe4+
50. Kg3 Qe1+ 51. Kg4 Qg1+ 52. Kf3 Qf1+ 53. Kg3 Qe1+ 54. Kg4
Qe4+ 55. Kg3 Qe3+ 56. Kg4 Qe2+ 57. Kg3 d4 58. Qb8 Qe1+ 59. Kg2
Qd2+ 60. Kf3 Qc3+ 61. Kg4 d3 62. Qf8+ Kh7 63. Qe7+ Qg7 64. Qd6
Qc3 65. Qe7+ Qg7 66. Qd6 Qb7 67. Qxd3 Qxb4+ 68. Kg3 Qb5
69. Qe4 Qb3+ 70. Kg4 Qf7 71. Qa8 Qf5+ 72. Kg3 Qd3+ 73. Kg4
Qf5+ 74. Kg3 a5 75. Qa7+ Kh6 76. Qe3+ Kg7 77. Qa7+ Kh6
78. Qe3+ g5 79. Qb6+ Kh5 80. hxg5 Qxg5+ 81. Kf3 a4 82. Qa7
Qd5+ 83. Ke2 Qa2+ 84. Kd3 Qb3+ 85. Kd2 Qa2+ 86. Kc3 Qb3+
87. Kd2 Qa2+ 88. Kc3 Qb3+ 89. Kd2 1/2-1/2

[Event "IMSA Elite Mind Games (Women's Rapid)"]
[Site "Huai'an CHN"]
[Date "2016.02.26"]
[EventDate "2016.02.26"]
[Round "3.5"]
[Result "1-0"]
[White "Zhao Xue"]
[Black "Lilit Mkrtchian"]
[WhiteElo "2506"]
[BlackElo "2434"]
[PlyCount "67"]

1. Nf3 Nf6 2. g3 c5 3. Bg2 e6 4. c4 Qc7 5. O-O Be7 6. Nc3 a6
7. d4 cxd4 8. Nxd4 d6 9. e4 O-O 10. Be3 Nc6 11. Rc1 Ne5 12. b3
Bd7 13. h3 Rad8 14. f4 Ng6 15. Qe2 h6 16. Qf2 Rb8 17. a4 Rfe8
18. Nde2 b6 19. g4 Nh7 20. g5 hxg5 21. fxg5 Ne5 22. h4 f6
23. Qg3 fxg5 24. hxg5 Nf8 25. Nf4 Nfg6 26. Nxg6 Nxg6 27. e5
Nxe5 28. Nd5 Qa7 29. Nf6+ Bxf6 30. gxf6 Bc8 31. Bh6 Rf8
32. Bxg7 Qf7 33. Be4 Bb7 34. Bh7+ 1-0

[Event "IMSA Elite Mind Games (Women's Rapid)"]
[Site "Huai'an CHN"]
[Date "2016.02.26"]
[EventDate "2016.02.26"]
[Round "4.7"]
[Result "1/2-1/2"]
[White "Lilit Mkrtchian"]
[Black "Dronavalli Harika"]
[WhiteElo "2434"]
[BlackElo "2511"]
[PlyCount "188"]

1. c4 g6 2. g3 Bg7 3. Bg2 d6 4. Nc3 e5 5. d3 Ne7 6. e3 Nbc6
7. Nge2 h5 8. h3 h4 9. g4 f5 10. g5 Be6 11. Nd5 Bf7 12. f4
Nxd5 13. cxd5 Ne7 14. e4 O-O 15. O-O c6 16. dxc6 bxc6 17. Qe1
Qb6+ 18. Kh1 Qa6 19. Rf3 d5 20. Nc3 Rae8 21. Qxh4 dxe4
22. dxe4 fxe4 23. Nxe4 Nf5 24. Qf2 exf4 25. Rxf4 Bd5 26. Bd2
Bd4 27. Nf6+ Rxf6 28. Bxd5+ cxd5 29. Rxd4 Rfe6 30. Bc3 Re2
31. Qf4 Qe6 32. Kg1 Nxd4 33. Qxd4 Qe3+ 34. Qxe3 R8xe3 35. Rd1
Rxh3 36. Rxd5 Rc2 37. Bf6 Rg3+ 38. Kf1 Rf3+ 39. Kg1 Kf7
40. Rd6 Rg3+ 41. Kf1 Rh3 42. Kg1 Re3 43. Kf1 Rf3+ 44. Kg1 Rff2
45. Rd7+ Ke6 46. Rxa7 Rg2+ 47. Kf1 Rh2 48. Kg1 Rhd2 49. Ra6+
Kf5 50. Ra5+ Kg4 51. Ra4+ Kf3 52. Ra3+ Ke4 53. Ra4+ Kf5
54. Ra5+ Ke6 55. Re5+ Kd6 56. Re1 Kd5 57. Re5+ Kc6 58. Re6+
Kd7 59. Re7+ Kd6 60. Re1 Rg2+ 61. Kh1 Kd7 62. Re7+ Kc6
63. Re6+ Kd5 64. Re5+ Kc4 65. Re1 Rh2+ 66. Kg1 Kd3 67. a4
Rcg2+ 68. Kf1 Rg4 69. a5 Rgh4 70. Re8 Ra4 71. Bc3 Ra1+ 72. Re1
Ra4 73. Kg1 Rc2 74. Rd1+ Ke2 75. Rd4 Ra1+ 76. Kg2 Ke3+ 77. Kg3
Rg1+ 78. Kh3 Rcg2 79. Rd6 Rg3+ 80. Kh2 R1g2+ 81. Kh1 Rg1+
82. Kh2 R1g2+ 83. Kh1 Rxg5 84. a6 Rg1+ 85. Kh2 R5g2+ 86. Kh3
Rg3+ 87. Kh2 R1g2+ 88. Kh1 Rg1+ 89. Kh2 R3g2+ 90. Kh3 Rg3+
91. Kh2 R1g2+ 92. Kh1 Rg1+ 93. Kh2 R3g2+ 94. Kh3 Rg3+ 1/2-1/2

[Event "IMSA Elite Mind Games (Women's Rapid)"]
[Site "Huai'an CHN"]
[Date "2016.02.27"]
[EventDate "2016.02.26"]
[Round "6.8"]
[Result "1-0"]
[White "Huang Qian"]
[Black "Lilit Mkrtchian"]
[WhiteElo "2450"]
[BlackElo "2434"]
[PlyCount "113"]

1. c4 c5 2. Nf3 Nc6 3. d4 cxd4 4. Nxd4 Nf6 5. Nc3 e6 6. a3 Bc5
7. Nb3 Be7 8. e4 O-O 9. Be2 Qc7 10. O-O b6 11. f4 d6 12. Be3
Bb7 13. Rc1 Rac8 14. Kh1 Qb8 15. Nd2 Ba8 16. Bf3 Rfe8 17. b4
Bf8 18. Nb3 Ne7 19. Nd2 Ng6 20. Qe1 Bb7 21. Qg3 Kh8 22. Bg1
Ba6 23. Rfe1 Bxc4 24. e5 dxe5 25. fxe5 Nd7 26. Nxc4 Rxc4
27. Be2 Rc7 28. Ba6 Qd8 29. Rcd1 Qe7 30. Nb5 Rc6 31. Nxa7 Rc2
32. Bb5 Rc7 33. Bxd7 Rxa7 34. Bxe8 Qxe8 35. Bxb6 Ra8 36. Qf3
Ne7 37. Bc5 Nd5 38. Rc1 Kg8 39. h3 h6 40. Bxf8 Qxf8 41. Rc5
Qb8 42. b5 Ra4 43. Rxd5 exd5 44. Qxd5 Rxa3 45. Rf1 Ra7 46. e6
fxe6 47. Qxe6+ Kh8 48. b6 Rb7 49. Rb1 Qd8 50. Qc6 Qe7 51. Qd5
Kh7 52. Qf5+ g6 53. Qd5 Qg7 54. Qc6 Qe7 55. Rd1 Qf7 56. Rc1
Qe7 57. Qxb7 1-0